000 00542nam a2200181Ia 4500
003 GCL
005 20240530102726.0
008 140319s9999 xx 000 0 ara d
040 _aGCL /
_cGCL
082 0 4 _a813.03
_bم ا
100 1 _aمحمد عبدالحليم عبدالله
245 1 0 _aاسطورة من كتاب الحب /
_cمحمد عبدالحليم عبدالله
260 _a[S.N] :
_bمكتبة مصر
300 _a184 ص
650 0 4 _aالادب العربى
650 0 4 _aالقصص العربية
942 _2ddc
_cBK
999 _c34326
_d34326